| 000 | 01669cam a22003975a 4500 | ||
|---|---|---|---|
| 003 | EG-ScBUE | ||
| 005 | 20220717103824.0 | ||
| 006 | m||||fq||h 00| 0 | ||
| 008 | 100708r20122008enka f 000 0 eng d | ||
| 020 | _a9780194522076 (MultiROM) | ||
| 020 | _a9780194522045 | ||
| 040 |
_aEG-ScBUE _beng _erda _cEG-ScBUE _dEG-ScBUE |
||
| 082 | 0 | 4 |
_a428.0076 _bHAI _222 |
| 100 | 1 |
_aHaines, Simon F. E., _eauthor. _916122 |
|
| 245 | 1 | 0 |
_aFirst certificate masterclass, _pWorkbook resource pack with key / _cSimon Haines, Barbara Stewart. |
| 246 | 3 | 0 | _aWorkbook resource pack with key |
| 250 | _aReprinted edition. | ||
| 264 | 1 |
_aOxford ; _aNew York : _bOxford University Press, _c2012. |
|
| 300 |
_a96 pages : _billustrations ; _c28 cm + _e1 CD |
||
| 336 |
_2rdacontent _atext _btxt |
||
| 336 |
_2rdacontent _asounds _bsnd |
||
| 337 |
_2rdamedia _aunmediated _bn |
||
| 337 |
_2rdamedia _aaudio _bs |
||
| 338 |
_2rdacarrier _avolume _bnc |
||
| 338 |
_2rdacarrier _acomputer disc _bcd |
||
| 500 | _aOn the cover : "updated for the revised FCE exam" | ||
| 520 | _aFocused material to help your students refine their grammar, extend their vocabulary, and sharpen their exam skills in a workbook and multiROM pack. | ||
| 650 | 7 |
_aEnglish language _vExaminations, questions, etc. _2BUEsh |
|
| 650 | 7 |
_aEnglish language _xStudy and teaching _vTextbooks for foreign speakers. _2BUEsh |
|
| 651 | _2BUEsh | ||
| 653 |
_bHHUUEENN _cOctober2018 |
||
| 655 |
_vReading book _934232 |
||
| 700 | 1 |
_aStewart, Barbara, _d1950- _eauthor. _916124 |
|
| 856 | 4 | 2 |
_3Audio & access to online FCE practice Testa _uhttps://www.oxfordenglishtesting.com/DefaultMR.aspx?id=3034&menuId=1 |
| 942 |
_2ddc _cBB |
||
| 999 |
_c14450 _d14450 |
||